abc the22nd ペーパー通過者 - Statistics

General Stats
  • This quiz has been taken 70 times
    64 since last reset
  • The average score is 27 of 48
Answer Stats
順位 所属 学年 Answer % Correct
1 京都大 大1 松崎颯樹
94%
2 灘高 高2 田中律輝
91%
5 東京大 大4 上野李王
81%
32 東京都立大 大4 東問
81%
3 慶應義塾大 大4 堀籠怜哉
80%
20 早稲田大 大4 高橋響
80%
4 北海道大 大4 吉木和大
78%
24 中央大 大4 丸原駿
74%
22 浦和高 高2 福田凌太郎
72%
7 東京大 大2 犬飼壮太
70%
43 灘高 高2 王佳祥
69%
12 東洋大 大4 大和田太郎
67%
25 大阪大 大3 今井吹樹
67%
48 東京大 大1 大谷悠斗
67%
10 東京大 大4 渡邉慶伍
65%
11 大阪大 大4 新垣与主呼
65%
36 明治大 大3 鶴巻嵩大
63%
19 東京大 大2 油田尊
61%
8 京都大 大3 藤田昂希
57%
15 京都大 大4 木村秀太
57%
16 北海道大 大4 工藤優奈
57%
18 京都大 大3 市川航太郎
57%
38 東北大 大3 沼岡歩未哉
57%
28 京都大 大3 齋藤優慈
54%
29 一橋大 大3 清水康平
54%
37 京都大 大3 高山将人
54%
23 千葉大 大3 土田晴
52%
33 立命館大 大2 飯星洸一郎
52%
13 明治大 大4 藤原優希
50%
30 慶應義塾大 大4 濱口和歩
50%
6 北海道大 大4 山口侑大
48%
17 国際基督教大 大4 永野裕嗣
48%
26 慶應義塾大 大2 鈴木嵩琉
48%
41 早稲田大 大2 蓮沼零央
48%
9 東京大 大4 青池聡一郎
46%
27 東京大 大3 榎本悠哉
46%
34 立命館大 大4 仲田伊織
44%
14 同志社大 大4 渡邉壮
43%
39 東京大 大3 山川李成
41%
44 神戸大 大4 加藤和希
41%
40 同志社大 大3 北村萌高
39%
45 北海道大 大4 伊藤海人
39%
42 東京大 大2 久松俊介
37%
46 東京大 大2 石嶋進悟
37%
31 東北大 大4 鈴木直路
35%
21 東北大 大4 小倉鷹矢
33%
47 京都大 大3 槇彪誠
33%
35 慶應義塾大 大2 松尾祐希
28%
No matching quizzes found
Score Distribution
Percent of People with Each Score
Percentile by Number Answered
Your Score History
You have not taken this quiz since the last reset